000 00731nam a2200265 i 4500
001 C2-0122619
003 PPAK
005 20180727113834.0
008 970823s1993 my a|||| ||||| | may d
020 _a9838783552
040 _aPPAK
_beng
_cPPAK
_erda
082 0 4 _a372.3
_223
090 0 0 _a372.3
_bSTR
_dK
090 0 0 _a372.3
_bSTR
_dR
100 1 _aStroud, Peter,
_eauthor
245 1 0 _aPesawat udara :
_bpengangkutan
264 1 _aKuala Lumpur :
_bPelangi ,
_c1993
300 _a23 pages :
_bcolour illustrations ;
_c21 cm
336 _2rdacontent
_atext
337 _2rdamedia
_aunmediated
338 _2rdacarrier
_avolume
490 1 _aPokok pengetahuan 1 2 3
830 0 _aPokok pengetahuan 1 2 3
942 _ddc
_cB
999 _c35323
_d35323